000 00456nam a22001457a 4500
005 20260223143320.0
041 _aeng
082 _a309.25095475
_bKAS
100 _aKashyap, S.P.
245 _aRegional Planning in a Consistency Framework:
_bA Study of Gujarat /
_cby S.P. Kashyap
260 _aAhmedabad,
_bSardar Patel Institute of Economic and Social Science Research,
_c1979.
300 _a158p.,
_c25cm.
440 _aMonograph Series
_v6
942 _cBK
999 _c184481
_d184480